000 00665nam a2200205 i 4500
001 163009
003 ES-MaACL
005 20230906212640.0
008 050707s1872 gw | |||||||| ||eng d
040 _aCAM
_bspa
_cCAM
100 1 _aReade, Charles.
_995671
245 1 0 _aPeg Woffington
_b: a novel /
_cby Charles Reade.
260 _aLeipzig :
_bBernhard Tauchnitz,
_c1872.
300 _a288 p. ;
_c16 cm.
490 1 _aCollection of british authors ;
_v1240
752 _aAlemania -
_dLeipzig
830 0 _aCollection of british authors ;
_v1240
_9180703
852 _aES-MaACL
_jG-11984
_z-- Enc. hol. conservando la rust. original
999 _c163009
_d163009